01018naa#a2200181#i#4500001001500000005001700015100004100032102000700073200031300080210016900393215001000562608006000572675005200632700002800684700005000712700005600762856001800818RU\\bibl\1949020260516033335.6##a20260515b2026####ek#y0rusy0150####ca##aRU1#aПРЕИМУЩЕСТВА МЕТОДА КЛОНАЛЬНОГО МИКРОРАЗМНОЖЕНИЯ ДЛЯ МАССОВОГО ПРОИЗВОДСТВА ПОСАДОЧНОГО МАТЕРИАЛА БЫСТРОРАСТУЩИХ ДРЕВЕСНЫХ ПОРОД (ОБЗОР)eСтатья/тезисы конференции1#aВоронежcВоронежский государственный лесотехнический университет имени Г.Ф. Морозоваd2026##a8 с.##aСтатья/тезисы конференции2local##aРазмножение растений. 631.53#1aКамаеваgА. А.#1aЕвлаковgПетр Михаилович#1aЦепляевgАлексей Николаевич4#abibl.vgltu.ru